000 01496nam0a22003011 4500
001 rc\4676635
005 20130416204922.1
021 _aRU
_b[58-20702]
035 _a(NLR Aleph) 008705456
090 _a9325176
_c9325176
100 _a20130416d1958 |||y0rusy50 ca
101 0 _arus
102 _aRU
105 _ay z |||||
200 1 _aМетодика расчета количества тепла, выделяемого дрожжерастительными препаратами
_e(Из опыта работы Роспродпроекта)
_fГос. науч.-техн. ком. Совета Министров РСФСР. Гос. науч.-исслед. ин-т науч. и техн. информации ГосИНТИ
210 _a[Москва
_cБ. и.
_d1958]
215 _a7 с.
_d20
225 1 _aПромышленность продовольственных товаров
_iОбмен передовым техническим опытом
300 _aПеред загл. авт.: канд. техн. наук В.К. Покровский, Н.С. Полунин
300 _aБез тит. л. и обл.
606 _aДрожжерастительные аппараты
_xТеплоотдача
_xРасчет
_2psbo
700 1 _aПокровский
_bВ. К.
_gВиктор Константинович
701 1 _aПолунин
_bН. С.
801 0 _aRU
_bNLR
_gpsbo
801 1 _aRU
_bELAR
_2rusmarc
852 _aNLR
_j58-4/6329
942 _cBOOK
980 _aNB